000 00220nam a2200097Ia 4500
008 240331s9999 xx 000 0 und d
082 _bDAN
100 _aDangwal, P
245 0 _aI dare Kiran Bedi :
_ba biography
942 _cL
999 _c4453
_d4453